Harry Potter Animals, Beasts, Etc. - Statistics

General Stats
  • This quiz has been taken 4,872 times
  • The average score is 22 of 30
Answer Stats
Hint Answer % Correct
House-Elf Dobby
99%
Owl Hedwig
98%
Werewolf Remus Lupin
93%
Minerva Mcgonagall Cat
92%
Peter Pettigrew Rat
92%
Sirius Black Dog
91%
Spider Aragog
90%
Snake Nagini
89%
Hippogriff Buckbeak
88%
Rat Scabbers
88%
Cat Crookshanks
86%
House-Elf Kreacher
84%
Toad Trevor
83%
Phoenix Fawkes
82%
James Potter Stag
80%
Dragon Norbert(a)
79%
Centaur Firenze
78%
Werewolf Fenrir Greyback
76%
House-Elf Winky
76%
Giant Grawp
72%
Owl Pigwidgeon
70%
Rita Skeeter Beetle
67%
Dog Fang
61%
Half-Werewolf Bill Weasley
59%
Dog Fluffy
54%
Pigmy Puff Arnold
49%
Cat Mrs. Norris
46%
Centaur Bane
45%
Owl Hermes
45%
Dog Ripper
17%
No matching quizzes found
Score Distribution
Percent of People with Each Score
Percentile by Number Answered
Your Score History
You have not taken this quiz